00429nam a2200157Ia 4500008004100000020001800041041000800059082001700067100002700084245007900111250000600190260004000196300000900236440000600245650002000251210716s2013 xx 000 0 und d a9789327224986 aeng a657.046 JAIS aJain, S P;Narang, K L. aAdvanced accountancy: principles of accounting.bPrinciples of accounting. a1 aNew DelhibKalyani Publishersc2013 a41.7 v1 aAccounting(657)